[Event "SK Freising 1-TV Tegernsee 1"]
[Site "?"]
[Date "2024.10.20"]
[Round "2.4"]
[White "Gruettner, Ralf"]
[Black "Walter, Thomas"]
[Result "0-1"]
[WhiteElo "2035"]
[BlackElo "2071"]
[Annotator "Stockfish 17"]
[PlyCount "206"]
[EventDate "2024.??.??"]
[WhiteTeam "SK Freising 1"]
[BlackTeam "TV Tegernsee 1"]

{[%evp 26,206,55,66,71,73,109,66,65,51,56,21,14,18,35,-16,38,32,36,-4,11,0,-1,
-20,-17,-21,-13,-34,-17,-22,0,0,7,-129,-133,-124,-58,-68,-66,-241,-185,-264,
-30,-28,-27,-28,-24,-190,-66,-261,-198,-236,-187,-205,-188,-199,-202,-188,-81,
-79,-39,-252,-252,-234,-224,-499,-348,-417,-332,-330,-303,-286,-265,-254,-257,
-282,-281,-302,-284,-325,-306,-347,-332,-417,-390,-421,-411,-373,-359,-435,
-424,-423,-421,-412,-383,-388,-388,-387,-385,-381,-380,-415,-396,-329,-61,-65,
-65,-61,-68,-55,-54,-52,-53,-54,-54,-55,-56,-59,-56,-59,-58,-59,-63,-66,-70,
-72,-76,-77,-81,-84,-79,-51,-45,-44,-45,-41,-43,-43,-44,-43,-43,-43,-44,-42,
-44,-43,-43,-47,-46,-338,-47,-47,-51,-334,-47,-52,-55,-65,-69,-343,-346,-344,
-75,-168,-188,-334,-334,-358,-342,-353,-353,-352,-353,-353,-352,-351,-351,-349,
-344,-330,-316,-302,-276]} 1. d4 Nf6 2. c4 g6 3. Nc3 d5 4. cxd5 Nxd5 5. e4 Nxc3
6. bxc3 Bg7 7. Bc4 c5 8. Ne2 O-O (8... Nc6 9. Be3 O-O 10. O-O {ist sehr
geläufig}) 9. O-O cxd4 10. cxd4 Nc6 11. Be3 Na5 (11... Bg4 12. f3 Bd7 13. Rb1
$14 {ist auch gut}) 12. Bd3 Bg4 13. f3 Bd7 14. Rc1 Rc8 15. Qd2 b6 16. Rxc8 Qxc8
17. Rc1 Qb7 18. Qb4 e6 19. Rb1 Nc6 20. Qa3 Rd8 21. Ba6 Qb8 22. Qd3 Be8 23. Qc4
$11 Qd6 {[%cal Rc6d4]} 24. e5 Qa3 25. Kf2 Bf8 26. Bc1 Qa5 {Droht stark ...Sxd4!
} 27. Be3 Nb4 28. Qc7 Rd7 29. Qc8 $2 (29. Qb8 $1 $11 Re7 30. Bc4) 29... Qxa6
$17 30. Qxe8 Nd3+ (30... Rc7 $142 $1 $17 {[%cal Rc7c2] zielt auf ...Tc2 ab.}
31. a4 (31. Rxb4 Rc2 $17 {[%mdl 64] Doppelangriff}) 31... Rc2 $1) 31. Kg3 $15
Rc7 $1 32. Rb3 $4 (32. a4 Rc8 33. Qb5 Qxb5 34. axb5 $11) 32... Rc8 (32... Ne1
33. Rb2 Rc8 34. Qb5 Qxb5 35. Rxb5 Rc2 $19 {ist auch sehr stark}) 33. Qd7 (33.
Qb5 $142 Qxb5 34. Rxb5) 33... Nb4 $2 (33... Rc2 $142 34. Rc3 Ne1 35. Rxc2 Nxc2
$19) 34. Nc3 $11 Qc4 35. Ne4 (35. Qxa7 Qf1 36. Bd2 Nc2 37. Ne4 Nxd4 38. Kh3 Ne2
39. Qxb6 Ng1+ 40. Kg3 Ne2+ 41. Kh3 Ng1+ $11) 35... Nd5 36. Bf2 $2 (36. Nf6+ $11
{und Weiss ist OK.} Nxf6 37. exf6) (36. Rc3 Nxc3 37. Nf6+ Kg7 38. Bh6+ Kxh6 39.
Qxf7 Qxd4 40. Ng4+ Qxg4+ 41. Kxg4 $11 {mit ganz neuer Materialverteilung. Die
Stellung ist sehr ausgeglichen.}) 36... Qc1 (36... Kg7 $19 37. Nf6 Nxf6 38.
exf6+ Kxf6) 37. h4 $2 (37. Be3 $1 $15 Qc7 38. Qxc7 Rxc7 39. Bg5) 37... Qf4+ 38.
Kh3 Rc1 {[%cal Rc1h1]} 39. g3 Rh1+ 40. Kg2 Qc1 $40 {[%csl Gh1][%cal Rc1f1]
[%mdl 128] Weiss ist in Schwierigkeiten.} 41. Qb5 Rd1 (41... Be7 $19 {und
Schwarz behält klar die Oberhand.} 42. f4 Kg7) 42. Qe2 $17 Bh6 43. Rb2 $2 (43.
a4 $15) 43... Ne3+ $1 $19 44. Bxe3 Bxe3 45. Nf2 $2 (45. f4 Re1 46. Qc2) 45...
Rg1+ 46. Kh2 Re1 47. Qc2 Qxc2 48. Rxc2 Bxf2 49. Rxf2 {[%mdl 4096] Endspiel
KT-KT} Rd1 $19 50. Kg2 Rxd4 51. f4 Rd3 52. Rc2 Ra3 53. g4 h5 54. g5 Kg7 55. Rd2
b5 {[%cal Bb6b5,Bb5b4][%mdl 32] Schwarz gewinnt} 56. Rb2 a6 {[%cal Ba7a6,Ba6a5,
Ba5a4][%mdl 32]} 57. Rd2 b4 58. Rb2 a5 59. Rd2 a4 60. Rb2 b3 61. axb3 Rxb3 62.
Rc2 a3 63. Rc4 a2 64. Ra4 {[#]} Rb4 {[%mdl 512]} (64... Rb2+ 65. Kf3 Kf8 66.
Ra8+ Ke7 67. Ra7+ Kd8 68. Ke4 Rh2 69. Kd3 Kc8 70. Kc3 Kb8 71. Ra4 Kc7 72. Kd4
Kc6 {gewinnt sehr instruktiv}) 65. Rxa2 $15 Rxf4 $15 {der Gewinn ist
keineswegs schon sicher} 66. Kg3 Rg4+ 67. Kh3 Rc4 68. Ra5 Rd4 69. Ra3 Kf8 70.
Kg3 Rg4+ 71. Kh3 Rc4 72. Kg3 Ke8 73. Rb3 Kd7 74. Rf3 Ke7 75. Ra3 Rg4+ 76. Kh3
Re4 77. Ra7+ Kf8 78. Ra8+ Kg7 79. Ra5 {Weiß ist dem Remis sehr nahe} Re3+ 80.
Kg2 Rd3 {Und ...Td2+ würde nun gewinnen.} 81. Ra4 Kf8 82. Rb4 Ke7 83. Rb7+ Rd7
84. Rb3 Kd8 85. Kg3 (85. Rc3 Rc7 86. Rf3 Kc8 87. Kf1 Rb7 88. Ke2 $11) 85... Kc7
86. Rc3+ Kb6 {[#]} 87. Rc4 $2 {[%mdl 8192] reicht hier irgendein Zug?} (87. Kh3
$142 $15) 87... Kb5 $2 (87... Rc7 $1 $19 {[%cal Rc7c4]} 88. Rd4 Kc5 {ist der
Gewinnweg}) 88. Rc3 Kb6 89. Rc4 $2 {[%mdl 8192]} (89. Kh3 $15) 89... Rd3+ $2 (
89... Rc7 $1 $19 {[%cal Rc7c4]} 90. Rd4 Kc5) 90. Kg2 Kb7 91. Rf4 Rd7 92. Rc4 $2
{[%mdl 8192] [#]} (92. Rf2 $15) 92... Rc7 $1 $19 {[%cal Rc7c4]} 93. Rd4 {[#]}
Kb6 $2 (93... Kc6 $1 $19 94. Rd6+ Kb5) 94. Rd3 $17 Ra7 95. Kg3 $2 (95. Rc3 $142
Ra4 96. Kg3 $11) 95... Kc5 $19 96. Rd2 Ra3+ 97. Kg2 Ra4 98. Kg3 Rg4+ 99. Kh3
Rf4 100. Kg3 Rf5 101. Rd7 Kc6 {Schwarz hat entscheidenden Vorteil.} ({
Schlechter ist} 101... Rxe5 102. Rxf7 Re3+ 103. Kf4 $11) 102. Rd6+ Kc7 103. Ra6
Kd7 ({Schwächer ist} 103... Rxe5 104. Ra7+ Kd6 105. Rxf7 $11) 0-1

[Event "SK Freising 1-TV Tegernsee 1"]
[Site "?"]
[Date "2024.10.20"]
[Round "2.5"]
[White "Danninger, Jannik"]
[Black "Paul, Franz Xaver"]
[Result "1-0"]
[WhiteElo "1995"]
[BlackElo "1827"]
[Annotator "Stockfish 17"]
[PlyCount "51"]
[EventDate "2024.??.??"]
[WhiteTeam "TV Tegernsee 1"]
[BlackTeam "SK Freising 1"]

{[%evp 17,51,8,8,8,19,0,14,13,22,17,14,3,13,18,64,63,132,-261,-232,-250,-230,
-205,-40,-41,-39,-177,256,242,558,558,745,404,1087,1038,1021,1021]} 1. e4 e5 2.
Nf3 Nc6 3. d4 exd4 4. Nxd4 Nf6 5. Nc3 Bb4 6. Nxc6 bxc6 7. Bd3 d5 8. exd5 cxd5
9. O-O O-O 10. Qf3 (10. Bg5 c6 11. Qf3 Be7 12. Rae1 {ist recht bekannt}) 10...
Be7 11. Bf4 c6 (11... Bg4 $5 12. Qg3 $8 c5 $14) 12. h3 h6 13. Ne2 Bd6 14. Rfe1
Rb8 15. Nd4 Qc7 16. Bxh6 Rxb2 $2 (16... c5 $14 17. Nb5 Rxb5 18. Bxb5 Qb6) 17.
Nf5 $2 {[%mdl 8192]} (17. Bg5 $16) 17... gxh6 $19 18. Nxh6+ Kg7 19. Nf5+ Kg8 $2
(19... Bxf5 $19 20. Qxf5 Bh2+ 21. Kh1 Bf4) 20. Qe3 $15 {[%cal Re3g5] [#] jetzt
Dg5+ und aus.} Bxf5 21. Bxf5 $2 (21. Qg5+ $15 Bg6 22. Qxf6) 21... Ne4 $4 {
[%mdl 8192]} (21... Bh2+ $19 {und Schwarz kann entspannen.} 22. Kh1 Qf4) 22.
Bxe4 $40 {[%mdl 128] Weiss will mit Dg5+ Matt setzen. Weiss riecht Blut.} dxe4
$2 ({Viel schwächer wäre} 22... Bh2+ $6 23. Kh1 $16) (22... Bf4 {leistet
mehr Widerstand.} 23. Qc3 Rfb8) 23. Qg5+ Kh7 24. Rxe4 {[%cal Re4h4]} Bg3 (24...
Rb4 $142 25. c4 Bh2+ 26. Kh1 Bf4 27. Rxf4 Qxf4 28. Qxf4 Rb7) 25. fxg3 {[%cal
Re4h4]} Qb6+ 26. Kh2 {[%cal Re4h4]} 1-0

[Event "SK Freising 1-TV Tegernsee 1"]
[Site "?"]
[Date "2024.10.20"]
[Round "2.6"]
[White "Schneider, Wolfgang"]
[Black "Lettl, Gerhard"]
[Result "1/2-1/2"]
[WhiteElo "1847"]
[BlackElo "1973"]
[Annotator "Stockfish 17"]
[PlyCount "66"]
[EventDate "2024.??.??"]
[WhiteTeam "SK Freising 1"]
[BlackTeam "TV Tegernsee 1"]

{[%evp 22,66,-24,-22,-21,-52,-56,-57,-30,-131,-140,-198,-121,-100,-105,-122,
-125,-208,-211,-200,-76,-74,-87,-231,-233,-226,-230,-207,-145,-156,-141,-136,
-60,-212,-38,-117,-124,-219,-215,-218,-200,-152,-24,-110,-94,-16,-13]} 1. e4 e5
2. Nf3 Nc6 3. Bb5 a6 4. Ba4 Nf6 5. O-O Be7 6. Re1 b5 7. Bb3 d6 8. c3 O-O 9. d4
Bg4 10. Qd3 Bxf3 11. gxf3 Na5 12. Bc2 c5 13. f4 $6 (13. dxc5 $142 dxc5 14. f4)
13... cxd4 14. cxd4 Nc6 {[%cal Ba5c6,Bc6e5,Be5d3][%mdl 32]} 15. fxe5 $2 (15.
dxe5 $1 $11 dxe5 16. Nc3) 15... dxe5 $17 16. dxe5 Qxd3 (16... Nxe5 $142 $19 17.
Qe2 Rc8 $19) 17. Bxd3 Nxe5 18. Be2 Nxe4 $17 19. Kg2 (19. Be3 $17) 19... Bb4 $1
$19 20. Rd1 Rfd8 (20... Rac8 $19 21. Bf4 Rfe8 22. Bxe5 Rxe5) 21. Rxd8+ $17 Rxd8
22. Bf4 $2 (22. a4 $17) 22... Nd3 $19 23. Bxd3 Rxd3 24. a4 bxa4 (24... g5 $1
25. Be3 f5 $19) 25. Rxa4 a5 26. Be3 f5 (26... Rd5 $17 27. Ra2 f6) 27. Na3 $2 (
27. Nc3 $1 $15) 27... Nd6 $2 (27... f4 $19 28. Ba7 (28. Bxf4 $2 Nc5 $19) 28...
f3+ 29. Kh3 Nc5 30. Bxc5 Bxc5) 28. Bf4 (28. Nc2 $15) 28... Ne4 $17 {...Sc5 ist
eine echte Drohung.} 29. Be3 {[#]} (29. Nc2 $17) 29... f4 $1 $19 {[%cal Rf4e3]}
30. Bb6 f3+ $19 31. Kh3 {[#]} Rd6 (31... Rb3 $1 $17 {Droht ...h5 und aus.} 32.
Nc4 Be1) 32. Bxa5 (32. Be3 $1 $11 {hält das Gleichgewicht.}) 32... Nxf2+ $17
33. Kg3 Bxa5 1/2-1/2

[Event "SK Freising 1-TV Tegernsee 1"]
[Site "?"]
[Date "2024.10.20"]
[Round "2.7"]
[White "Dietlmeier, Tobias"]
[Black "Bardehle, Niklas"]
[Result "1-0"]
[WhiteElo "1928"]
[BlackElo "1688"]
[Annotator "Stockfish 17"]
[PlyCount "45"]
[EventDate "2024.??.??"]
[WhiteTeam "TV Tegernsee 1"]
[BlackTeam "SK Freising 1"]

{[%evp 19,45,93,100,93,113,95,93,54,227,221,262,251,255,199,254,267,284,279,
269,147,165,133,258,210,581,557,580,583]} 1. e4 e6 2. d3 d5 3. Nd2 c5 4. Ngf3
Nc6 5. g3 Nf6 6. Bg2 g6 7. O-O Bg7 8. c3 O-O 9. Re1 Re8 $6 (9... dxe4 10. dxe4
e5 (10... Qc7 11. Qe2 Rb8 12. e5 Nd7 13. Nc4 b5 14. Nd6 Ncxe5 15. Nxb5 Nxf3+
16. Bxf3 Qb6 17. Na3 Ba6 18. Nc4 Bxc4 19. Qxc4 Ne5 20. Qe2 {Morgado,J-Lencinas,
H 1/2 cr RA 1967}) 11. Nc4 Qxd1 12. Rxd1 Nxe4 $11 {war ein einfacher Weg zum
Ausgleich}) 10. e5 $16 Nd7 {[%cal Rc6e5]} 11. d4 Rb8 12. Nf1 {[%cal Bd2f1,
Bf1e3,Be3g4,Bg4f6][%mdl 32]} b5 13. Ne3 Na5 $2 {[#]} (13... b4 $1 $14) 14. Ng4
$18 b4 15. Bg5 Qc7 16. Nf6+ Nxf6 17. exf6 (17. Bxf6 bxc3 18. bxc3 Ba6 $11)
17... Bf8 18. Bf4 Bd6 19. Ne5 (19. Bxd6 $18 Qxd6 20. dxc5 Qxc5 21. cxb4 Rxb4
22. Rc1) 19... Nc4 20. Qg4 Nxb2 $2 (20... bxc3 $16 {ist wohl besser.} 21. bxc3
cxd4 22. cxd4 Ba6) 21. Qg5 Nc4 $2 (21... bxc3 22. Nxf7 Qxf7 23. Bxd6 Rb5) 22.
Nxc4 {[%mdl 64] [#] Abzugsangriff} Bxf4 23. gxf4 ({Minderwertig wäre} 23. Qxd5
Bh6 $14) 1-0

[Event "SK Freising 1-TV Tegernsee 1"]
[Site "?"]
[Date "2024.10.20"]
[Round "2.8"]
[White "Boehm, Bruno"]
[Black "Stoib, Marinus"]
[Result "1/2-1/2"]
[WhiteElo "1699"]
[BlackElo "1908"]
[Annotator "Stockfish 17"]
[PlyCount "176"]
[EventDate "2024.??.??"]
[WhiteTeam "SK Freising 1"]
[BlackTeam "TV Tegernsee 1"]

{[%evp 15,176,58,58,64,91,-71,11,-80,44,37,46,46,64,-15,26,32,26,42,159,129,
261,84,94,71,228,131,201,112,125,74,68,69,83,33,39,36,304,29,25,-5,-3,-11,-16,
-53,151,-30,-34,-33,16,27,26,24,21,30,218,212,201,219,269,270,314,301,305,273,
369,193,260,210,289,154,199,12,201,210,314,210,241,177,190,119,224,221,438,427,
434,397,388,383,379,335,409,312,301,300,289,182,218,167,384,266,482,481,452,
435,412,363,606,476,789,581,487,514,712,42,60,0,0,0,0,0,0,0,0,0,0,0,0,0,30,26,
30,0,28,0,0,0,0,0,0,0,0,0,0,0,0,0,0,0,0,0,0,0,0,0,0,0,0,0,0,0,0,0,0]} 1. d4 Nf6
2. c4 g6 3. Nc3 Bg7 4. e4 d6 5. Be2 O-O 6. Bg5 Nbd7 7. Qd2 c5 8. d5 Qa5 9. Nf3
a6 10. a4 $6 (10. O-O $16 {bleibt auf Kurs.}) 10... b5 $1 $17 11. Bd3 (11. cxb5
$11 {bleibt in der Remisbreite.} axb5 12. Bxb5 Nxe4 13. Nxe4 Qxb5 14. axb5
Rxa1+ 15. Ke2 Rxh1 {solche Wendungen sollte man vkennen}) 11... b4 (11... bxc4
$17 12. Bxc4 Qb4) 12. Ne2 Re8 13. O-O Ng4 14. Ra2 (14. Rad1 $14) 14... Nge5 (
14... e6 {mit weiteren Verwicklungen.} 15. dxe6 Rxe6 16. Nf4 Re8 17. Nd5 Bb7)
15. Nxe5 Nxe5 16. b3 f5 $2 (16... e6 $14) 17. Bb1 (17. Ng3 fxe4 18. Bxe4 $16)
17... Qc7 $2 (17... fxe4 $16 18. Bxe4 Nf7) 18. Ng3 $2 (18. exf5 $18 {ist viel
giftiger.} gxf5 19. Ng3) 18... fxe4 $16 19. Bxe4 Rb8 $2 (19... Nf7 $16) 20. Bh6
(20. f4 $1 $18 {[%cal Rf4e5]}) 20... Bh8 (20... Bf6 $16) 21. h3 (21. f4 $1 $18
{[%cal Rf4e5]}) 21... e6 22. Rd1 Nf7 23. Be3 e5 24. Qd3 Qe7 $1 25. Re2 Qh4 $2 {
[%mdl 8192]} (25... Bg7 $14) 26. Qd2 $2 (26. Bxg6 $1 $18 Rb7 27. Nf5 $1 Bxf5
28. Bxf5) 26... Bf6 27. Qe1 Bg5 28. Bc2 Bxe3 29. Rxe3 Nh6 $2 {[#]} (29... Rf8
$15 {bleibt weiter vorne.}) 30. Qd2 $2 ({Der einzige Zug:} 30. f4 $1 $16 {
[%cal Rf4e5]}) 30... Bf5 $11 31. Ne4 Bxe4 32. Rxe4 Qh5 33. Rde1 $36 {[%mdl
2048] Droht stark Ld1. Weiss hat gut koordiniertes Spiel.} Nf7 34. Bd1 Qf5 $2 (
34... Qh6 $11 35. Qxh6 Nxh6) 35. Bg4 $18 Qf6 36. Be6 Kg7 37. f4 Rxe6 38. dxe6
Qxe6 39. fxe5 Nxe5 40. Qe3 (40. Rd1 $142) 40... Re8 (40... Rf8 $142 41. Kh1 Qf5
) 41. Rd1 a5 42. Rh4 (42. Qd2 $18) 42... h5 43. Qg5 $2 ({Besser ist} 43. Re4
$18) 43... Kh7 $2 (43... Nf7 $11 {und Schwarz steht sicher.} 44. Qd2 Qe3+ 45.
Qxe3 Rxe3) 44. Re4 Re7 (44... Rf8 {kämpft weiter.} 45. Rf4 Rxf4 46. Qxf4 Nf7)
45. Rde1 (45. Qd2 $18) 45... Kg7 46. R1e3 Rf7 47. Qd8 (47. Re1 $18) 47... Qf5
$2 (47... Qf6 $16 {war einen Versuch wert.} 48. Qxf6+ Rxf6) 48. Qxd6 {[%mdl 64]
Doppelangriff} Qf1+ $2 (48... Qf2+ 49. Kh1 Nf3) 49. Kh2 Nf3+ 50. Rxf3 Rxf3 {
[%mdl 4096] Endspiel KDT-KDT} 51. Qe5+ Rf6 52. Qxc5 Qd3 53. Qe7+ Rf7 54. Qe5+
Kh7 55. Re3 Qd2 56. Rg3 Qc2 $2 (56... Qd8 57. Qg5 Qd6) 57. c5 (57. Qxa5 {
gewinnt}) 57... Rf1 $2 (57... Qf5 {war angesagt.} 58. Re3 Kh6 59. Qh8+ Rh7) 58.
Qe7+ Kg8 59. Qe6+ Kg7 60. c6 Qb1 $2 (60... Rf6 61. Qd7+ Rf7) 61. Qe7+ Kh8 (
61... Rf7 $142 62. Qe5+ Kh7) 62. Qe8+ Kh7 {[%csl Gb1][%cal Rf1h1]} 63. Qe7+ Kh8
{[%csl Gb1][%cal Rf1h1]} 64. Rf3 $2 (64. Re3 $18 {#17} Qf5 65. Qe8+ Kg7 66.
Re7+ Kf6 67. Rf7+ {[%mdl 64] Spiess} Kg5 68. Rxf5+ Kxf5 69. Qf8+ Ke6 70. Qxf1)
64... Rxf3 $14 65. gxf3 {KD-KD} (65. Qe8+ {ist vielschichtiger.} Kg7 66. gxf3
Qc2+ 67. Kg3 h4+ 68. Kxh4 Qf2+ 69. Kg4) 65... Qc2+ {[%mdl 64] Doppelangriff}
66. Kg3 {c7 ist eine echte Drohung.} Qxc6 67. Qd8+ $11 Kh7 68. Qxa5 Qd6+ 69.
Kg2 h4 (69... Qd2+ {sieht schärfer aus.} 70. Kf1 Qd3+ 71. Kf2 Qxb3 72. Qa7+
Kg8) 70. Qa7+ Kh6 71. Qe3+ Kh5 72. f4 {Und weiter mit De5+ wäre nett.} Kh6 73.
f5+ (73. Kf2 {hält die Spannung aufrecht.} Kh7 74. a5 Qf6 75. Qe5 Qf7 76. f5)
73... Kg7 74. fxg6 (74. Kf3 {fühlt sich spannender an.} Qd5+ 75. Kg4 Qxf5+ 76.
Kxh4 Kh7 77. Qd4) 74... Qxg6+ {Die Stellung ist ausgeglichen.} 75. Kf2 Qc2+ 76.
Ke1 Qb1+ 77. Kd2 Qb2+ 78. Kd1 Qb1+ 79. Kd2 Qb2+ 80. Ke1 {Droht De7+ und aus.}
Qb1+ 81. Kf2 Qc2+ 82. Kf3 Qf5+ 83. Kg2 {zielt auf Dd4+ ab.} Qc2+ 84. Kh1 Qc6+
85. Kg1 {Schwarz muss nun Dd4+ beachten.} Qg6+ 86. Kh1 {Und Dg1 würde nun
gewinnen.} Qc6+ 87. Kh2 Qd6+ 88. Kh1 Qc6+ 1/2-1/2

[Event "SV Deggendorf 2-MTV Ingolstadt 1"]
[Site "?"]
[Date "2024.10.20"]
[Round "2.1"]
[White "Lechermann, Markus"]
[Black "Kuznecovs, Nikita"]
[Result "0-1"]
[WhiteElo "2093"]
[BlackElo "2259"]
[Annotator "Stockfish 17"]
[PlyCount "60"]
[EventDate "2024.??.??"]
[WhiteTeam "MTV Ingolstadt 1"]
[BlackTeam "SV Deggendorf 2"]

{[%evp 9,60,64,66,62,63,18,15,15,15,9,27,28,28,24,37,25,33,30,90,86,74,37,62,
55,83,76,71,75,120,-50,-49,-53,-50,-61,-60,-129,-38,-47,-24,-92,-63,-75,-53,
-503,-500,-515,-514,-530,-521,-499,-512,-551,-450]} 1. d4 Nf6 2. Nf3 b5 3. e3
Ba6 {schon etwas merkwürdig} (3... a6 4. Bd3 Bb7 5. Nbd2 {kam durchaus schon
vor}) 4. Be2 e6 5. O-O c5 6. dxc5 Bxc5 7. Nc3 b4 $11 8. Na4 Be7 9. b3 {[%cal
Bb2b3,Bb3a4][%mdl 32]} Bb7 10. Bb2 O-O 11. Rc1 Bc6 12. Nd4 Bxa4 13. bxa4 d5 14.
c4 bxc3 15. Bxc3 Ne4 16. Ba1 Bf6 $6 17. f3 Nd6 18. Qb3 Nd7 19. Qa3 $2 (19. Nc6
$142 $16 Qb6 20. Bxf6 Nxf6 21. Rc3) 19... Ne5 $15 20. Nc6 Nxc6 21. Rxc6 Nf5 22.
Qc5 $2 (22. g4 $142 $15 Nh4 23. Bc3) 22... Bxa1 (22... d4 $142 $1 $17 23. e4 {
[#]} Be7 $1) 23. Rxa1 Rb8 24. Bb5 (24. Bd3 $11 {bleibt in der Remisbreite.})
24... Qf6 25. Re1 Qb2 26. Qxa7 $2 {[%mdl 8192] hierbei übersieht er
allerdings einiges} (26. Qc3 $15 Qxc3 27. Rxc3) 26... Rxb5 $3 $19 {Schwarz
steht klar auf Gewinn.} 27. Rec1 {[#]} (27. axb5 Nh4 {#5 ist die Drohung})
27... Ra5 $1 {[%mdl 576] Ablenkung} 28. Qxa5 {Und weiter mit Tc8 wäre nett.}
Nxe3 {[%csl Ge3][%cal Rb2g2]} 29. R1c2 Nxc2 30. Qd2 Qd4+ 0-1

[Event "SV Deggendorf 2-MTV Ingolstadt 1"]
[Site "?"]
[Date "2024.10.20"]
[Round "2.2"]
[White "Firlbeck, Hubert"]
[Black "Glawe, Ralf"]
[Result "1/2-1/2"]
[WhiteElo "2039"]
[BlackElo "2003"]
[Annotator "Stockfish 17"]
[PlyCount "63"]
[EventDate "2024.??.??"]
[WhiteTeam "SV Deggendorf 2"]
[BlackTeam "MTV Ingolstadt 1"]

{[%evp 10,63,16,13,14,18,22,-5,-2,-13,-1,0,52,49,66,0,2,7,19,17,21,25,23,33,29,
15,21,21,33,31,45,42,45,43,45,25,25,20,39,16,74,46,145,128,151,67,173,124,208,
205,206,69,64,47,39,34]} 1. Nf3 d5 2. e3 Nf6 3. c4 e6 4. b3 dxc4 (4... Be7 5.
Bb2 O-O 6. Be2 c5 7. O-O {mit etlichen Partien in der Datenbank} Nc6 8. d4 cxd4
9. Nxd4 Nxd4 10. Qxd4 dxc4 11. Bxc4 Qxd4 12. Bxd4 b6 13. Nc3 {Votava,Jan-Lutz,
Chr 1/2 BL 1997}) 5. Bxc4 c5 6. O-O Be7 7. Bb2 O-O 8. Qc2 Nc6 9. a3 a6 10. Be2
b6 11. d4 Bb7 12. Rd1 (12. dxc5 $14 bxc5 13. Rd1) 12... cxd4 $11 13. Nxd4 Nxd4
14. Bxd4 Rc8 15. Qb2 Qc7 16. Nd2 b5 17. Rac1 Qb8 18. b4 Qa8 19. f3 Qb8 20. Nb3
Rxc1 21. Rxc1 Rc8 22. Rxc8+ (22. Nc5 {sieht schärfer aus.} Qa8 23. e4 Bc6 24.
g3 Ne8 25. Nb3) 22... Qxc8 23. e4 Nh5 24. Nc5 e5 $6 25. Be3 (25. Bxe5 Bxc5+ 26.
bxc5 Qxc5+ 27. Kf1 Bc8 $14) 25... Bf6 $2 {[#]} (25... Nf4 26. Bd1 Bxc5 27. bxc5
$11) 26. g3 $1 $16 g6 27. Qd2 (27. g4 $1 $16 Ng7 28. g5 Bd8 29. Qxe5 {mit
klarem Vorteil}) 27... Ng7 (27... Be7 $1 $14) 28. Nd7 (28. Qd6 Ne6 29. Qb6 Nxc5
30. Qxf6 Nd7 31. Qe7 $16 {+ 1.70}) 28... Qd8 $2 {[#]} (28... Ne8 $16 {kämpft
weiter.} 29. Nxf6+ Nxf6) 29. Bb6 $1 $18 {[%cal Rb6d8]} Qe7 30. Nxf6+ (30. Bc5
$18 Qd8 31. Qd6 {gewinnt}) 30... Qxf6 $14 31. Qd8+ Qxd8 32. Bxd8 1/2-1/2

[Event "SV Deggendorf 2-MTV Ingolstadt 1"]
[Site "?"]
[Date "2024.10.20"]
[Round "2.3"]
[White "Eichschmied, Patrick"]
[Black "Tauber, Rainer"]
[Result "1/2-1/2"]
[WhiteElo "1982"]
[BlackElo "1982"]
[Annotator "Stockfish 17"]
[PlyCount "47"]
[EventDate "2024.??.??"]
[WhiteTeam "MTV Ingolstadt 1"]
[BlackTeam "SV Deggendorf 2"]

{[%evp 15,47,13,16,17,27,19,26,21,23,26,40,-11,46,43,38,-112,35,10,108,1,3,6,4,
0,-4,1,22,26,27,35,33,31,57,39]} 1. e4 e6 2. d4 d5 3. Nd2 c5 4. Ngf3 cxd4 5.
Nxd4 (5. exd5 Qxd5 6. Bc4 Qd6 7. O-O Nf6 8. Nb3 Nc6 {ist sehr gebräuchlich})
5... Nc6 6. Bb5 Bd7 7. Nxc6 bxc6 8. Bd3 Qc7 9. Qe2 Bd6 10. Nf3 dxe4 11. Qxe4
Nf6 12. Qh4 h6 13. Bd2 Nd5 14. O-O Nf4 {[#]} 15. Bc4 $2 {[#]} (15. Rfe1 $14)
15... O-O (15... g5 $1 $17 {[%cal Rg5h4]} 16. Nxg5 Ng6 17. Nxe6 Bxe6 {- 1.80
für Stockfish alles sehr einfach}) 16. Rfe1 Ng6 $6 (16... c5 $11) 17. Qe4 ({
Günstiger ist} 17. Qg4 $16) 17... c5 $11 18. g3 Bc6 19. Qg4 Qb7 20. Re3 Bxf3
21. Qxf3 Qxf3 22. Rxf3 Ne5 23. Rc3 Rab8 24. b3 1/2-1/2